| 000 | 01177cam a22002535a 4500 | ||
|---|---|---|---|
| 001 | 18473706 | ||
| 005 | 20171008140818.0 | ||
| 008 | 150129s2016 enk frb 001 0 eng d | ||
| 020 | _a9781138787520 | ||
| 040 |
_aDNLM/DLC _cDLC _beng _dEG-ScBUE _dEG-ScBUE |
||
| 082 | 0 | 4 |
_222 _a616 _bMCK |
| 100 | 1 |
_aMcKendry, Stephanie. _939862 |
|
| 245 | 1 | 0 |
_aCritical thinking skills for healthcare / _cStephanie McKendry. |
| 260 |
_aOxon ; _aNew York : _bRoutledge / Taylor & Francis Group, _c2016. |
||
| 300 |
_a111 p. : _bill. ; _c25 cm. |
||
| 500 | _aIndex : p. 109-111. | ||
| 505 | 0 | _aTaking a critical approach in everyday life -- Taking a critical approach at university -- Taking a critical approach to reading -- Building a rational and credible argument -- Taking a critical approach in assessments -- Taking a critical approach in literature reviews -- Taking a critical approach in dissertations -- Taking a critical approach in reflection and reflective assessments. | |
| 650 | 7 |
_aClinical competence. _2BUEsh _937655 |
|
| 650 | 7 |
_aMedicine. _2BUEsh _939863 |
|
| 651 | _2BUEsh | ||
| 653 |
_bNNUR _cApril2016 _cMay2016 _cOctober2017 |
||
| 655 |
_vText book _933728 |
||
| 942 | _2ddc | ||
| 999 |
_c21656 _d21628 |
||